| 000 | 00488nab a2200157Ia 4500 | ||
|---|---|---|---|
| 003 | ES-SlBCS | ||
| 005 | 20210601125427.0 | ||
| 008 | 140529s1977 xxu||||| |||| 00| 0 eng d | ||
| 041 | _aeng | ||
| 100 | 1 |
_aCrognan, Leo M. _9158415 |
|
| 245 | 0 | 0 |
_aContracting with Children: A Therapeutic Tool _c Leo M. Crognan, A. Dwayne Fruitger |
| 650 | 0 | 4 |
_aNiños _9113674 |
| 700 | 1 |
_aFruitger, A. Dwayne _9158416 |
|
| 773 | 0 |
_tPsychotherapy _gvol. 14, nº. 1, 1977, págs. 41-48 _wRev840 |
|
| 942 | _cAR | ||
| 999 |
_c530162 _d530162 |
||